Statistics for Cities: Second Placers

Click here to take the quiz!

General Stats

  • This quiz has been taken 17 times
  • The average score is 24 of 30

Answer Stats

HintAnswer% Correct
SpainBarcelona
100%
ChinaBeijing
100%
UKBirmingham
100%
South AfricaCape Town
100%
GermanyHamburg
100%
VietnamHanoi
100%
USALos Angeles
100%
AustraliaMelbourne
100%
ItalyMilan
100%
CanadaMontreal
100%
JapanOsaka
100%
FranceMarseille
92%
BrazilRio de Janeiro
92%
GreeceThessaloniki
92%
EgyptAlexandria
85%
South KoreaBusan
85%
IndiaDelhi
85%
Saudi ArabiaJeddah
85%
PolandKrakow
85%
NorwayBergen
77%
RussiaSaint Petersburg
77%
UkraineKharkiv
69%
PakistanLahore
69%
IndonesiaSurabaya
69%
SwedenGothenburg
62%
NigeriaKano
62%
DRCLubumbashi
46%
ThailandChiang Mai
31%
PhilippinesDavao City
15%
EthiopiaJijiga
15%

Score Distribution

Percentile by Number Answered

Percent of People with Each Score

Your Score History

You have not taken this quiz